An incurable romantic : (Record no. 89230)

MARC details
000 -LEADER
fixed length control field 01385nam a22003257a 4500
005 - DATE AND TIME OF LATEST TRANSACTION
control field 20170612110542.0
010 ## - LCCN (DPL NO)
LC control number BAC-EN21 ENG-112039
020 ## - INTERNATIONAL STANDARD BOOK NUMBER
International Standard Book Number 9789350291887
Terms of availability 599.00
035 ## - SYSTEM CONTROL NUMBER
System control number EN-95571
035 ## - SYSTEM CONTROL NUMBER
System control number B-582899-912
035 ## - SYSTEM CONTROL NUMBER
System control number B-670033
037 ## - SOURCE OF ACQUISITION
Stock number dpl
Source of stock number/acquisition Pansy Books
037 ## - SOURCE OF ACQUISITION
Source of stock number/acquisition DBAD/PUB
082 ## - DEWEY DECIMAL CLASSIFICATION NUMBER
Classification number 787.2092
100 ## - MAIN ENTRY--PERSONAL NAME
Personal name Devnath, Lakshmi
245 ## - TITLE STATEMENT
Title An incurable romantic :
Remainder of title the musical journey of Lalgudi Jayaraman /
Statement of responsibility, etc by Lakshmi Devnath
260 ## - PUBLICATION, DISTRIBUTION, ETC. (IMPRINT)
Place of publication, distribution, etc Noida
Name of publisher, distributor, etc Harper Collins Publishers
Date of publication, distribution, etc 2013
270 ## - ADDRESS
Address A-53, Sector 57
City Noida
Postal code 201301
300 ## - PHYSICAL DESCRIPTION
Extent xxii,435p.,12 pages of plates:
Other physical details ill.
Dimensions 22cm(pbk)
Accompanying material 1CD-ROM
500 ## - GENERAL NOTE
General note Includes bibliographical references and index.
520 ## - SUMMARY, ETC.
Summary, etc Lalgudi Gopalaiyar Jayaraman, born 1930, Indian Carnatic violinist, vocalist and composer.
600 ## - SUBJECT ADDED ENTRY--PERSONAL NAME
Personal name Jayaraman, Lalgudi G.
Dates associated with a name 1930-
650 ## - SUBJECT ADDED ENTRY--TOPICAL TERM
Topical term or geographic name as entry element Violinists
Geographic subdivision India, South .
Form subdivision Biography
650 ## - SUBJECT ADDED ENTRY--TOPICAL TERM
Topical term or geographic name as entry element Singers
Geographic subdivision India, South
Form subdivision Biography
650 ## - SUBJECT ADDED ENTRY--TOPICAL TERM
Topical term or geographic name as entry element Composers
Geographic subdivision India, South
Form subdivision Biography
650 ## - SUBJECT ADDED ENTRY--TOPICAL TERM
Topical term or geographic name as entry element Carnatic music
General subdivision History and criticism.
942 ## - ADDED ENTRY ELEMENTS (KOHA)
Source of classification or shelving scheme Dewey Decimal Classification
Item type English Books
Call number suffix DEV
Classification part 787.2092
Holdings
Withdrawn status Lost status Not for loan Collection code Home library Current library Date acquired Source of acquisition Cost, normal purchase price Full call number Barcode Copy number Cost, replacement price Koha item type
      Non-fiction Andrews Gunj Andrews Gunj 09/07/2015 Pansy Books/1484/16.12.2014/181/08.12.2014/30.12.2014 599.00 787.2092 DEV B-582905 1 599.00 English Books
      Non-fiction Ashok Vihar Ashok Vihar 12/06/2017 BPPD/EN/2014-15/AV/16-17/426/15.02.2017/1645/27.02.2017/27.03.2017 599.00 787.2092 DEV B-670033 1 599.00 English Books
      Non-fiction Bawana Bawana 09/07/2015 Pansy Books/1484/16.12.2014/181/08.12.2014/30.12.2014 599.00 787.2092 DEV B-582911 1 599.00 English Books
      Non-fiction Central Library Central Library 09/07/2015 Pansy Books/1484/16.12.2014/181/08.12.2014/30.12.2014 599.00 787.2092 DEV B-582899 1 599.00 English Books
    Not For Loan Non-fiction D.B.Act.Division D.B.Act.Division 30/01/2015 DBAD 599.00 787.2092 DEV EN-95571 1 599.00 English Books
      Non-fiction Janak Puri Janak Puri 09/07/2015 Pansy Books/1484/16.12.2014/181/08.12.2014/30.12.2014 599.00 787.2092 DEV B-582903 1 599.00 English Books
      Non-fiction Karol Bagh Karol Bagh 09/07/2015 Pansy Books/1484/16.12.2014/181/08.12.2014/30.12.2014 599.00 787.2092 DEV B-582909 1 599.00 English Books
      Non-fiction Kasturba Gandhi Marg Kasturba Gandhi Marg 09/07/2015 Pansy Books/1484/16.12.2014/181/08.12.2014/30.12.2014 599.00 787.2092 DEV B-582901 1 599.00 English Books
      Non-fiction Narela Narela 09/07/2015 Pansy Books/1484/16.12.2014/181/08.12.2014/30.12.2014 599.00 787.2092 DEV B-582910 1 599.00 English Books
      Non-fiction Patel Nagar Patel Nagar 09/07/2015 Pansy Books/1484/16.12.2014/181/08.12.2014/30.12.2014 599.00 787.2092 DEV B-582900 1 599.00 English Books
      Non-fiction Peshwa Road Peshwa Road 09/07/2015 Pansy Books/1484/16.12.2014/181/08.12.2014/30.12.2014 599.00 787.2092 DEV B-582902 1 599.00 English Books
      Non-fiction Qila Rai Pithora Qila Rai Pithora 09/07/2015 Pansy Books/1484/16.12.2014/181/08.12.2014/30.12.2014 599.00 787.2092 DEV B-582907 1 599.00 English Books
      Non-fiction R.C.Libraries (zls) R.C.Libraries (zls) 09/07/2015 Pansy Books/1484/16.12.2014/181/08.12.2014/30.12.2014 599.00 787.2092 DEV B-582912 1 599.00 English Books
      Non-fiction Sarojini Nagar Sarojini Nagar 09/07/2015 Pansy Books/1484/16.12.2014/181/08.12.2014/30.12.2014 599.00 787.2092 DEV B-582904 1 599.00 English Books
      Non-fiction Sriniwas Puri Sriniwas Puri 09/07/2015 Pansy Books/1484/16.12.2014/181/08.12.2014/30.12.2014 599.00 787.2092 DEV B-582906 1 599.00 English Books
      Non-fiction Vinoba Puri Vinoba Puri 09/07/2015 Pansy Books/1484/16.12.2014/181/08.12.2014/30.12.2014 599.00 787.2092 DEV B-582908 1 599.00 English Books

© Delhi Public Library
Hit Counter
free hit counter